Music Quiz

Random Music or Lyrics Quiz

Lyrics To Run By Snow Patrol Quiz Stats

 Plays Quiz not verified by Sporcle

Challenge
Share
Tweet
Embed
Score 0/40 Timer 10:00
0 Plays Today
% Correct
I'll sing it one last time for you
95%
Then we really have to go
90%
You've been the only thing that's right
85%
In all I've done.
82.5%
But every single time I do
75%
And I can barely look at you
72.5%
I know we'll make it anywhere
70%
As if you have a choice
67.5%
Away from here
65%
I'll be right beside you dear
62.5%
Even if you cannot hear my voice
62.5%
Louder, louder
57.5%
To think I might not see those eyes
57.5%
It makes it so hard not to cry
57.5%
And as we say our long goodbyes
57.5%
I nearly do.
57.5%
Light up, light up
57.5%
Louder, louder
57.5%
I'll be right beside you dear
57.5%
And we'll run for our lives
55%
% Correct
Light up, light up
52.5%
And we'll run for our lives
52.5%
Even if you cannot hear my voice
50%
I can hardly speak I understand
50%
Why you can't raise your voice to say
50%
I can hardly speak I understand
50%
As if you have a choice
47.5%
Even if you cannot hear my voice
47.5%
Why you can't raise your voice to say
47.5%
Light up, light up
45%
As if you have a choice
45%
I'll be right beside you dear
42.5%
Slower, slower
35%
We don't have time for that
32.5%
All I want is to find an easier way
32.5%
We're bound to be afraid
30%
Even if it's just for a few days
30%
To get out of our little heads
27.5%
Have heart my dear
27.5%
Making up for all this mess.
27.5%

You're not logged in!

Compare scores with friends on all Sporcle quizzes.
OR
Log In

You Might Also Like...

Show Comments

Extras

Top Quizzes Today


Score Distribution

Your Account Isn't Verified!

In order to create a playlist on Sporcle, you need to verify the email address you used during registration. Go to your Sporcle Settings to finish the process.

Report this User

Report this user for behavior that violates our Community Guidelines.

Details: